Normal view
MARC view
Entry Personal Name
001 - CONTROL NUMBER
- control field: 33838
003 - CONTROL NUMBER IDENTIFIER
- control field: OSt
005 - DATE AND TIME OF LATEST TRANSACTION
- control field: 20221116151827.0
008 - FIXED-LENGTH DATA ELEMENTS
- fixed length control field: 221116|| aca||aabn | a|a d
040 ## - CATALOGING SOURCE
- Original cataloging agency: OSt
- Transcribing agency: OSt
100 ## - HEADING--PERSONAL NAME
- Personal name: Williams, Christine L.
670 ## - SOURCE DATA FOUND
- Source citation: Work cat.: (OSt)520210: Williams, Christine L. , Life support: The problems of working for a living
